[Event "HGM-T01-R01-J04"]
[Site "http://www.queenalice.com/game.php?id=304073"]
[Date "2007.11.15"]
[Round "-"]
[White "cassianorui"]
[Black "ivoiran"]
[Result "1-0"]
[WhiteElo "1324"]
[BlackElo "974"]

1. e3 d5 2. c4 e6 3. cxd5 exd5 4. Qa4+ c6 5. Nc3 Ne7 6. b4 a6 7. b5 Bd7 8. Nf3
cxb5 9. Nxb5 Bxb5 10. Bxb5+ Nec6 11. Nd4 g5 12. Nxc6 bxc6 13. Bxc6+ Nd7 14. Bxa8
Qxa8 15. Qd4 Bc5 16. Qxh8+ Nf8 17. Qe5+ Ne6 18. O-O Qd8 19. Qc3 g4 20. d4 Bb6
21. Ba3 h5 22. Qc6+ Qd7 23. Qxb6 h4 24. Qxa6 f5 25. Rab1 f4 26. Rb8+ Nd8 27.
Qg6+ Qf7 28. Qxg4 fxe3 29. fxe3 Qxf1+ 30. Kxf1 Kf7 31. Rxd8 Kf6 32. Rd6+ Kf7 33.
Qe6+ Kf8 34. Rd7# 1-0

[Event "HGM"]
[Site "http://www.queenalice.com/game.php?id=306877"]
[Date "2007.11.19"]
[Round "2"]
[White "compras_marcelo"]
[Black "ivoiran"]
[Result "1-0"]
[WhiteElo "1298"]
[BlackElo "1031"]

1. e4 c5 2. d3 e5 3. Nf3 Qa5+ 4. c3 Be7 5. Nxe5 f6 6. Nc4 Qc7 7. g3 Nc6 8. Bf4
d6 9. Be2 g6 10. Nba3 Ne5 11. Nb5 Qc6 12. a4 g5 13. Bh5+ Kd7 14. d4 Nxc4 15. d5
Nxb2 16. Qg4+ Kd8 17. Qf3 a6 18. dxc6 gxf4 19. cxb7 Bxb7 20. gxf4 Nc4 21. Qg4
Nh6 22. Qf3 f5 23. Qd3 Nb2 24. Qc2 Nc4 25. f3 Ne3 26. Qe2 Nd5 27. Rb1 Nxf4 28.
Qe3 Ng2+ 29. Ke2 Nxe3 30. Kxe3 Bg5+ 31. f4 Bf6 32. Nxd6 Bxc3 33. Nxb7+ Kc8 34.
Nd6+ Kd8 35. Rb3 Ng4+ 36. Bxg4 fxg4 37. Rxc3 Rc8 38. Nxc8 Kxc8 39. Rxc5+ Kb7 40.
Rd1 Kb6 41. Rcd5 Ka7 42. Rd7+ Kb8 43. e5 g3 44. hxg3 Rg8 45. Rd8+ Rxd8 46. Rxd8+
Kc7 47. Rg8 Kc6 48. e6 Kd6 49. Re8 Kd5 50. e7 Ke6 51. g4 h6 52. g5 h5 53. g6 Kf6
54. g7 Kxg7 55. Rc8 h4 56. e8=Q Kh7 57. Qf7+ Kh6 58. Rc6# 1-0

[Event "Challenge"]
[Site "http://www.queenalice.com/game.php?id=307343"]
[Date "2007.11.20"]
[Round "-"]
[White "FlordeLotus"]
[Black "ivoiran"]
[Result "0-1"]
[WhiteElo "1488"]
[BlackElo "1189"]

1. d4 d5 2. c3 Nc6 3. Bf4 e5 4. dxe5 f6 5. Nf3 Nh6 6. exf6 Qxf6 7. Bxc7 Be7 8.
Qxd5 Nf5 9. e4 Nfd4 10. Nxd4 Rf8 11. Nb5 Bd7 12. Bc4 Qxf2+ 13. Kd1 Qxg2 14. Nd6+
Bxd6 15. Re1 Qxb2 16. Bxd6 Qxa1 17. Bxf8 Qxb1+ 18. Kd2 Qb2+ 0-1

[Event "HGM-T01-R02-J08"]
[Site "http://www.queenalice.com/game.php?id=307651"]
[Date "2007.11.21"]
[Round "-"]
[White "compras_marcelo"]
[Black "ivoiran"]
[Result "0-1"]
[WhiteElo "1303"]
[BlackElo "1010"]

1. e4 e5 2. c4 d6 3. Nc3 Be6 4. b3 Be7 5. Qc2 Nf6 6. d3 O-O 7. Nf3 Ng4 8. h3 Nh6
9. b4 Na6 10. Qa4 c6 11. Be2 Re8 12. O-O d5 13. Nxe5 Bxb4 14. Bb2 dxe4 15. dxe4
Qd2 16. Rad1 Qxb2 17. f4 Qxc3 18. Rf3 Qb2 19. Nxc6 Qxe2 20. Nxb4 Nxb4 21. Qa5
Qxd1+ 22. Kh2 Nc2 23. Rg3 Qd4 24. Qg5 Kf8 25. a3 Ne3 26. h4 Nf1+ 27. Kh1 Nxg3+
28. Qxg3 Bg4 29. Qb3 Qxe4 30. Qb5 Rab8 31. c5 Be2 32. c6 Bxb5 33. c7 Rbc8 34. a4
Bxa4 35. h5 Qe1+ 36. Kh2 Bc6 37. f5 f6 38. Kh3 a5 39. Kh2 a4 40. g3 a3 41. Kh3
Qh1# 0-1

[Event "Challenge"]
[Site "http://www.queenalice.com/game.php?id=308079"]
[Date "2007.11.21"]
[Round "-"]
[White "johnlennon55"]
[Black "ivoiran"]
[Result "0-1"]
[WhiteElo "923"]
[BlackElo "1173"]

1. e4 d6 2. c4 Be6 3. Nf3 Nc6 4. d3 Qd7 5. b3 O-O-O 6. g4 Bxg4 7. Be2 e5 8. Rg1
h5 9. a3 Nd4 10. Nxd4 Bxe2 11. Qxe2 exd4 12. Qb2 c5 13. b4 b6 14. Nd2 Nf6 15.
Nf3 Nxe4 16. Rf1 Re8 17. a4 Be7 18. dxe4 Bf6 19. Bf4 Rxe4+ 20. Kd1 Rxf4 21. Ra3
h4 22. a5 cxb4 23. Qb3 bxa3 24. Qxa3 Rxf3 25. Qxf3 bxa5 26. Re1 Re8 27. Rg1 Qa4+
28. Kc1 Qxc4+ 29. Kd1 d3 30. Rg4 Qc3 31. Rxh4 Re1# 0-1

[Event "HGM-T01-R02-J09"]
[Site "http://www.queenalice.com/game.php?id=308191"]
[Date "2007.11.21"]
[Round "-"]
[White "ivoiran"]
[Black "maxbtech"]
[Result "0-1"]
[WhiteElo "1179"]
[BlackElo "1617"]

1. e4 e5 2. Nf3 Nf6 3. Bd3 d5 4. Nc3 dxe4 5. Bb5+ c6 6. Ba4 exf3 7. gxf3 b5 8.
Bb3 Nd5 9. Qe2 Nxc3 10. Bxf7+ Kxf7 11. dxc3 Ba6 12. Qxe5 Qe7 13. Bf4 Qxe5+ 14.
Bxe5 Nd7 15. f4 Re8 16. O-O b4 17. Rfe1 Bc5 18. Rad1 Nxe5 19. fxe5 Re6 20. Rd7+
Re7 21. Rd5 Bb6 22. cxb4 cxd5 23. c4 dxc4 24. e6+ Rxe6 25. Kf1 c3+ 26. Kg1 Rxe1+
27. Kg2 cxb2 28. b5 b1=Q 29. bxa6 Qe4+ 30. f3 Qh4 31. h3 Qf2# 0-1

[Event "HGM-T01-R02-J01"]
[Site "http://www.queenalice.com/game.php?id=309036"]
[Date "2007.11.23"]
[Round "-"]
[White "prvic"]
[Black "ivoiran"]
[Result "1-0"]
[WhiteElo "1513"]
[BlackElo "1183"]

1. c4 e5 2. Nc3 Nf6 3. Nf3 Be7 4. Nxe5 O-O 5. d4 Nc6 6. Bg5 Nxe5 7. dxe5 Ng4 8.
Bf4 b6 9. h3 Nxf2 10. Kxf2 Bc5+ 11. e3 Qh4+ 12. g3 Qe7 13. Nd5 Qd8 14. b4 c6 15.
bxc5 cxd5 16. cxb6 dxc4 17. Bg2 Rb8 18. bxa7 Qa5 19. axb8=Q d5 20. exd6 Qa3 21.
Qc7 Qb2+ 22. Qe2 c3 23. Be5 Bf5 24. g4 c2 25. Bxb2 c1=Q 26. Raxc1 Be6 27. Bd4
Bxg4 28. Qxg4 Kh8 29. Qxg7# 1-0

[Event "Revanche"]
[Site "http://www.queenalice.com/game.php?id=314434"]
[Date "2007.12.3"]
[Round "-"]
[White "compras_marcelo"]
[Black "ivoiran"]
[Result "0-1"]
[WhiteElo "1299"]
[BlackElo "1226"]

1. c4 c5 2. e3 Nf6 3. Nf3 Nc6 4. Bd3 e6 5. O-O Ng4 6. h3 Nf6 7. e4 Nb4 8. Be2
Nxe4 9. Ne5 d6 10. Ng4 h5 11. Ne3 d5 12. cxd5 exd5 13. a3 d4 14. axb4 dxe3 15.
fxe3 cxb4 16. Na3 bxa3 17. bxa3 Ng3 18. Bb5+ Bd7 19. Bxd7+ Qxd7 20. Rf3 h4 21.
a4 Bd6 22. Qb3 Ne2+ 23. Kf2 Ng3 24. Rxf7 Qxf7+ 25. Qxf7+ Kxf7 26. d4 Nh1+ 27.
Kg1 Ng3 28. e4 Ne2+ 29. Kf1 Nxc1 30. Rxc1 Rac8 31. Rd1 Rhe8 32. e5 Bb4 33. d5
Rxe5 34. d6 Rd8 35. g3 Rxd6 36. Rc1 Rf6+ 37. Kg2 Re1 38. Rc7+ Kg6 39. Rxb7 Rb1
40. gxh4 Rb2+ 41. Kg3 Bd6+ 42. Kg4 Rg2# 0-1

[Event "Challenge"]
[Site "http://www.queenalice.com/game.php?id=322349"]
[Date "2007.12.18"]
[Round "-"]
[White "morfeo"]
[Black "ivoiran"]
[Result "1-0"]
[WhiteElo "1393"]
[BlackElo "1249"]

1. Nc3 e5 2. d4 Nc6 3. Nf3 f6 4. Nd5 Nh6 5. c3 Nf5 6. e4 Nfe7 7. Nh4 Nxd5 8.
Qh5+ g6 9. Qf3 Nb6 10. d5 Na5 11. b4 Nac4 12. Qd3 Nd6 13. Be2 Na4 14. f4 exf4
15. Bxf4 g5 16. Nf5 gxf4 17. Bh5+ Nf7 18. d6 cxd6 19. Qc4 d5 20. Qxd5 Nxc3 21.
Bxf7# 1-0

[Event "Challenge"]
[Site "http://www.queenalice.com/game.php?id=322350"]
[Date "2007.12.18"]
[Round "-"]
[White "morfeo"]
[Black "ivoiran"]
[Result "1-0"]
[WhiteElo "1437"]
[BlackElo "1237"]

1. Nf3 d5 2. Nc3 Nf6 3. e3 Nc6 4. Bd3 d4 5. Nb5 e6 6. c3 Ng4 7. Qa4 Qh4 8. Nxc7+
Kd8 9. Nxh4 Kxc7 10. exd4 Be7 11. g3 Bd7 12. Qb3 Rhf8 13. Be4 g6 14. Nf3 b6 15.
Qc4 h5 16. d3 h4 17. Bf4+ e5 18. dxe5 Bc5 19. e6+ Bd6 20. exd7 Bxf4 21. Qxc6+
Kd8 22. gxf4 Ke7 23. O-O-O Rac8 24. dxc8=Q Nxf2 25. Q8d7# 1-0

[Event "HGM-T02-R01-J09"]
[Site "http://www.queenalice.com/game.php?id=370798"]
[Date "2008.3.14"]
[Round "-"]
[White "maxbtech"]
[Black "ivoiran"]
[Result "1-0"]
[WhiteElo "1625"]
[BlackElo "1237"]

1. e4 e5 2. Nf3 d6 3. Bc4 Bg4 4. Nc3 Nc6 5. h3 Bh5 6. g4 Na5 7. Bb5+ c6 8. Bxc6+
bxc6 9. gxh5 Nc4 10. d3 Nb6 11. Be3 c5 12. Qe2 Nf6 13. O-O-O Nxh5 14. Nxe5 g6
15. Nf3 Be7 16. d4 cxd4 17. Bxd4 Nf4 18. Qb5+ Nd7 19. Bxh8 a6 20. Qa4 Rb8 21. e5
dxe5 22. Nxe5 Qc7 23. Nxd7 Rd8 24. Be5 Qxd7 25. Rxd7 Rxd7 26. Bxf4 Bh4 27. Re1+
Kf8 28. Bh6+ Kg8 29. Re8# 1-0

[Event "HGM-T02-R01-J01"]
[Site "http://www.queenalice.com/game.php?id=370801"]
[Date "2008.3.14"]
[Round "-"]
[White "ivoiran"]
[Black "prvic"]
[Result "0-1"]
[WhiteElo "1250"]
[BlackElo "1501"]

1. e4 c5 2. d3 d5 3. Nd2 d4 4. Nc4 Be6 5. Ne5 Qa5+ 6. c3 dxc3 7. Nc4 cxb2+ 8.
Bd2 bxa1=Q 9. Qxa1 Qa6 10. Na5 Nc6 11. Nxc6 bxc6 12. Nf3 Qxa2 13. Bc3 Qxa1+ 14.
Bxa1 a5 15. Ne5 f6 16. Nxc6 Bd7 17. d4 Bxc6 18. dxc5 e5 19. Bc4 Bxc5 20. O-O
Bxe4 21. Bb5+ Kf8 22. Rc1 Bd4 23. Rc4 Rc8 24. Rxc8+ Kf7 25. Be8+ Ke7 26. Bxd4
exd4 27. Bh5 f5 28. Rc7+ Kd6 29. Ra7 Nf6 30. Ra6+ Kc5 31. Bd1 Ra8 32. Re6 h6 33.
Re7 g6 34. Rf7 Ne8 35. Re7 Nd6 36. Re6 f4 37. f3 Bf5 38. Re2 h5 39. Rc2+ Bxc2
40. Bxc2 g5 41. Kf1 a4 42. Bg6 Rb8 43. Ke1 a3 44. Bb1 Rxb1+ 45. Ke2 Rb2+ 46. Ke1
a2 47. g3 a1=Q# 0-1

[Event "HGM-T02-R01-J08"]
[Site "http://www.queenalice.com/game.php?id=370804"]
[Date "2008.3.14"]
[Round "-"]
[White "ivoiran"]
[Black "compras_marcelo"]
[Result "1-0"]
[WhiteElo "1228"]
[BlackElo "1357"]

1. e4 e5 2. Nf3 d6 3. Bc4 Bg4 4. Nc3 Nc6 5. h3 Bh5 6. g4 Bg6 7. Ng5 Qxg5 8. Nd5
Qh4 9. Nxc7+ Kd8 10. Nxa8 Nd4 11. d3 d5 12. Bxd5 Bb4+ 13. c3 Nf3+ 14. Qxf3 Nf6
15. cxb4 Re8 16. b5 a6 17. b6 Nxg4 18. hxg4 Qf6 19. Qxf6+ gxf6 20. Bxb7 Kd7 21.
Be3 f5 22. Rh6 f4 23. Bc5 f5 24. gxf5 Bf7 25. Rd6+ Ke7 26. f6+ Kf8 27. Bd5 Bh5
28. Rd8# 1-0

[Event "AUTO-BEG-206"]
[Site "http://www.queenalice.com/game.php?id=386454"]
[Date "2008.4.12"]
[Round "1"]
[White "Gustaver"]
[Black "ivoiran"]
[Result "0-1"]
[WhiteElo "1217"]
[BlackElo "1251"]

1. g3 e5 2. d3 d5 3. Bg2 Nf6 4. e3 c5 5. Ne2 Nc6 6. O-O Ng4 7. h3 Nf6 8. Nbc3
Be7 9. e4 dxe4 10. dxe4 Qxd1 11. Rxd1 O-O 12. Nb5 a6 13. Nc7 Ra7 14. f4 exf4 15.
gxf4 Bd6 16. Rxd6 Ne8 17. Nxe8 Rxe8 0-1

[Event "AUTO-BEG-206"]
[Site "http://www.queenalice.com/game.php?id=386455"]
[Date "2008.4.12"]
[Round "1"]
[White "ivoiran"]
[Black "Gustaver"]
[Result "1-0"]
[WhiteElo "1235"]
[BlackElo "1236"]

1. e4 g6 2. d3 d6 3. Nc3 Nc6 4. Nf3 Nf6 5. Be2 Bg7 6. b3 O-O 7. O-O e6 8. Ba3
Ng4 9. h3 Nf6 10. b4 a6 11. Nh4 Nd4 12. Bg4 Nxg4 13. hxg4 Qxh4 14. g3 Qh3 15. g5
e5 16. f3 Qxg3+ 17. Kh1 Bh3 18. Qd2 1-0

[Event "AUTO-BEG-206"]
[Site "http://www.queenalice.com/game.php?id=386470"]
[Date "2008.4.12"]
[Round "1"]
[White "ivoiran"]
[Black "Jane"]
[Result "0-1"]
[WhiteElo "1239"]
[BlackElo "1587"]

1. e4 e5 2. d3 Nf6 3. Nf3 Bd6 4. Bg5 h6 5. Bh4 g5 6. Bg3 b6 7. Nc3 Ba6 8. Be2
Nc6 9. Nd5 Nxd5 10. exd5 Nb4 11. O-O h5 12. h4 gxh4 13. Bxh4 f6 14. c4 Be7 15.
a3 Nxd5 16. cxd5 c6 17. dxc6 dxc6 18. b4 c5 19. Qa4+ b5 20. Qc2 cxb4 21. axb4
Bb7 22. Rad1 Bd6 23. d4 exd4 24. Nxd4 Rg8 25. Nxb5 Ke7 26. Nxd6 Bc8 27. Bf3 Kf8
0-1

[Event "AUTO-BEG-206"]
[Site "http://www.queenalice.com/game.php?id=386471"]
[Date "2008.4.12"]
[Round "1"]
[White "Jane"]
[Black "ivoiran"]
[Result "1-0"]
[WhiteElo "1589"]
[BlackElo "1237"]

1. e4 e5 2. Nf3 d6 3. Bc4 Bg4 4. b3 Nc6 5. Ba3 Nf6 6. h3 Bh5 7. g4 Bg6 8. Nc3
Be7 9. Nd5 Nxd5 10. exd5 Nd4 11. Nxd4 exd4 12. d3 O-O 13. O-O Qd7 14. Bb2 Bf6
15. b4 Qe7 16. Qf3 Qe5 17. a4 Bg5 18. Bc1 Be7 19. h4 a6 20. h5 f5 21. g5 Bf7 22.
h6 g6 23. Bd2 b6 24. b5 a5 25. Rae1 Qxe1 26. Rxe1 Rfe8 27. c3 dxc3 28. Bxc3 Bxg5
29. Rxe8+ 1-0